000 nam a22 7a 4500
999 _c7215
_d7215
008 170731b xxu||||| |||| 00| 0 eng d
100 _93791
_aStella.D
245 _aEncyclopedia of the Living Planet
260 _aNew Delhi
_bAnmol Pub
_c2006